000 00686nas a2200241 4500
001 BR8904106
003 BR-BrBNA
005 20231205091651.0
007 ta
008 230509b bl.|||p| |||| 00| 00por d
040 _aBR-BrBNA
_bpor
_cBiblioteca Nacional de Agricultura
041 _a(Pt)
072 _aH01
100 1 _aKakuta, I.
100 1 _aFarah, F.K.
245 1 _aPrograma cafe na regiao de Bauru [Sao Paulo]
650 _aCAFE
650 _aTRATAMENTO FITOSSANITARIO
650 _aSAO PAULO
773 0 _tCasa da Agricultura (Brazil)
_xISSN 0100-6541
_g(Sep-Oct 1988), v. 10(5) p. 25
_wBR8904106
909 _a202311
_bLúcia
_c55
_dLúcia Elande
942 _2AGRIS
_n0
_cANA
999 _c126560
_d126560